000 00740nam a2200229 i 4500
001 bg
100 1 _aSMOKTUNOWICZ, Eugeniusz
245 1 0 _aEgzekucja administracyjna i sądowa :
_bteksty, orzecznictwo, piśmiennictwo, indeks rzeczowy /
_cEugeniusz Smoktunowicz.
260 _aWarszawa :
_bWydaw. Prawnicze "IUSTITIA",
_c1995.
300 _a770 s. ;
_c24 cm.
504 _aBibliogr. s. 713-732. Indeks rzeczowy.
650 9 _aEgzekucja administracyjna
_zPolska
650 9 _aEgzekucja sądowa
_zPolska
650 9 _aOrzecznictwo cywilne
_zPolska
020 _a8386307366
040 _cBPK
041 0 _apl
080 _a351:347.91/.95](438)
920 _a83-86307-36-6
942 _cKS
008 s pl f |000 0 pol
999 _c30880
_d30880
856 _uhttp://koha.tu.koszalin.pl/cgi-bin/koha/opac-detail.pl?biblionumber=30880
_yKatalog online BPK